Mogadishu : suka duka anak Malaysia di Somalia

Bibliographic Details
Main Author: Johan Jamal Yazli
Format: Book
Published: Kuala Lumpur : Utusan Publications & Distrubutors Sdn.Bhd. , 1993
Subjects:

MARC

LEADER 00000cam a2200000 7i4500
001 0000005144
002 000005555
005 20000330.0
020 |a 9676103578 
090 0 0 |a 967.7305   |b JOH 
100 0 |a Johan Jamal Yazli 
245 1 0 |a Mogadishu :   |b suka duka anak Malaysia di Somalia   |c Johan Jamal Yazli 
260 |a Kuala Lumpur :   |b Utusan Publications & Distrubutors Sdn.Bhd. ,   |c 1993 
300 |a 175p. ;   |c 22cm. 
650 0 0 |a Mogadishu   |x Biography 
651 0 |a Somalia   |x History 
999 |a 030563   |b BUKU   |c PINJAMAN   |e PERPUSTAKAAN KOMUNITI PETALING JAYA 
999 |a 030564   |b BUKU   |c PINJAMAN   |e PERPUSTAKAAN KOMUNITI PETALING JAYA